Katalóg služieb a firiem ... Bratislava a okolie
| Format: | Serial |
|---|---|
| Language: | Slovak |
| PhysicalDescription: | 12 zv. mp. 21 cm |
| Published: |
Bratislava
Multi Edit
[1996]-[2007]
|
| ISBN: | 8096832352 (brož. : r. 2005) 8096832360 (brož. : r. 2006) 9788096832378 (brož. : r. 2007) |
| Subjects: |
MARC
| LEADER | 00000cas a2200000 a 4500 | ||
|---|---|---|---|
| 001 | vtls009183256 | ||
| 003 | SK-MaSNL | ||
| 005 | 20260425194121.0 | ||
| 008 | 080212d19962007xo ar 0 b0slo | ||
| 020 | |a 8096832352 (brož. : r. 2005) | ||
| 020 | |a 8096832360 (brož. : r. 2006) | ||
| 020 | |a 9788096832378 (brož. : r. 2007) | ||
| 040 | |a SNK |b slo |c SNK |e AACR2 | ||
| 041 | 0 | |a slo | |
| 043 | |a e-xo--- | ||
| 044 | |a xo |c SK | ||
| 072 | 7 | |a 005 |x Manažment. Riadenie |2 konspekt | |
| 072 | 7 | |a 334 |x Formy organizácie a spolupráce v ekonomike |2 konspekt | |
| 072 | 7 | |a 338.3/.4 |x Hospodárske a výrobné odvetvia |2 konspekt | |
| 080 | |a (437.611) |2 2011 | ||
| 080 | |a (083.82) |2 2011 | ||
| 080 | |a 005.71 |2 2011 | ||
| 080 | |a 334.72 |2 2011 | ||
| 080 | |a 338.46 |2 2011 | ||
| 080 | |a 050 |2 2011 | ||
| 245 | 0 | 0 | |a Katalóg služieb a firiem ... Bratislava a okolie |
| 260 | |a Bratislava |b Multi Edit |c [1996]-[2007] | ||
| 300 | |a 12 zv. |b mp. |c 21 cm | ||
| 310 | |a 1x ročne | ||
| 362 | 0 | |a [1996]-[2007] | |
| 500 | |a Súčasťou názvu je označenie bežného roku | ||
| 500 | |a Popis podľa: R. 2005 | ||
| 500 | |a Názov z obalu | ||
| 650 | 0 | 7 | |a firmy |2 SNKPH |9 2190 |
| 650 | 0 | 7 | |a služby |2 SNKPH |9 2356 |
| 651 | 7 | |a Bratislava (Slovensko) |2 SNKPH |9 14568 | |
| 655 | 7 | |a katalógy |2 SNKPH |9 60821 | |
| 910 | |a snk | ||
| 919 | |a 80-968323-5-2 | ||
| 919 | |a 8-0968323-6-0 | ||
| 919 | |a 978-80-968323-7-8 | ||
| 999 | |c 4355 |d 6285 | ||
| 952 | |a SNK |b SNK |y PREZ |7 0 |p 17A0574427 |o snkČSD 2447/2006 |i snk2008/3431 |8 0 |0 0 |1 0 |4 0 |d 2008-02-12 |l 0 |r 2026-02-21 20:16:05 |w 2026-02-21 | ||
| 952 | |a SNK |b SNK |y PREZ |7 0 |p 17A0574425 |o snkČSD 2447/2005 |i snk2008/3429 |8 0 |0 0 |1 0 |4 0 |d 2008-02-12 |l 0 |r 2026-02-21 20:39:09 |w 2026-02-21 | ||
| 952 | |a SNK |b SNK |y PREZ |7 0 |p 17A0574426 |o snkČSD 2447/2005 D1 |i snk2008/3430 |8 0 |0 0 |1 0 |4 0 |d 2008-02-12 |l 0 |r 2026-02-21 20:39:09 |w 2026-02-21 | ||
| 952 | |a SNK |b SNK |y PREZ |7 0 |p 17A0574428 |o snkČSD 2447/2006 D1 |i snk2008/3432 |8 0 |0 0 |1 0 |4 0 |d 2008-02-12 |l 0 |r 2026-02-21 20:39:10 |w 2026-02-21 | ||
| 952 | |a SNK |b SNK |y PREZ |7 0 |p 17A0574429 |o snkČSD 2447/2007 |i snk2008/3433 |8 0 |0 0 |1 0 |4 0 |d 2008-02-12 |l 0 |r 2026-02-21 20:39:10 |w 2026-02-21 | ||
| 952 | |a SNK |b SNK |y PREZ |7 0 |p 17A0574430 |o snkČSD 2447/2007 D1 |i snk2008/3434 |8 0 |0 0 |1 0 |4 0 |d 2008-02-12 |l 0 |r 2026-02-21 20:39:10 |w 2026-02-21 | ||


